Historia de Mosoq Llacta : (Record no. 22726)

000 -CABECERA
fixed length control field 00961nam a22002417i 4500
003 - IDENTIFICADOR DEL NÚMERO DE CONTROL
control field AR-CdUCM
008 - DATOS DE LONGITUD FIJA--INFORMACIÓN GENERAL
fixed length control field 231018b20172017pe ad||| |||| 001 0 spa d
040 ## - FUENTE DE LA CATALOGACIÓN
Agencia/entidad que catalogó originalmente la obra MUNICIPALIDAD PROVINCIAL DEL CUSCO
Entidad que transcribió la catalogación BIBLIOTECA MUNICIPAL DEL CUSCO
082 ## - NÚMERO DE LA CLASIFICACIÓN DECIMAL DEWEY
No. de Clasificación 985.613 / M8Q
Notacion interna M8Q
100 ## - ENTRADA PRINCIPAL--NOMBRE DE PERSONA
Nombre Personal Quispe soto, Rómulo
245 ## - MENCIÓN DE TÍTULO
Resto del título Una visión panorámica del desarrollo histórico de Mosoq Llacta /
Título Historia de Mosoq Llacta :
260 ## - PUBLICACIÓN, DISTRIBUCIÓN, ETC.
Lugar de publicación, distribución, etc. Sicuani-Cusco :
Fecha de publicación, distribución, etc. 2017.
300 ## - DESCRIPCIÓN FÍSICA
Nº de Páginas Extensión 251 páginas. :
Dimensiones 20 cm.
500 ## - NOTA GENERAL
Bibliografía Bibliografía: página 249
505 ## - NOTA DE CONTENIDO CON FORMATO
Nota de contenido formateada Ubicación de Mosoq Llaqta -- Origen de las cuatro lagunas -- Los ayllus -- Qapaq ñan -- Mosoq Llacta en la época colonial -- Costumbres y tradiciones -- Gastronomía
650 ## - PUNTO DE ACCESO ADICIONAL DE MATERIA--TÉRMINO DE MATERIA
Descriptor Cuatro lagunas
9 (RLIN) 49174
650 ## - PUNTO DE ACCESO ADICIONAL DE MATERIA--TÉRMINO DE MATERIA
Descriptor Periodo republicano
9 (RLIN) 15908
650 ## - PUNTO DE ACCESO ADICIONAL DE MATERIA--TÉRMINO DE MATERIA
Descriptor Mosoq Llacta epoca colonial
9 (RLIN) 49176
650 ## - PUNTO DE ACCESO ADICIONAL DE MATERIA--TÉRMINO DE MATERIA
Descriptor Q'apaqñan
9 (RLIN) 49177
942 ## - ELEMENTOS DE PUNTO DE ACCESO ADICIONAL (KOHA)
Fuente de clasificación
Tipo de item Libros-BMC
945 ## - PROCESAMIENTO DE INFORMACIÓN LOCAL (OCLC)
Catalogador pebm
AAAA-MM-DD - Fecha de ingreso o modificacion 2023-10-18
Holdings
Estado de retiro (separado) Fuente de clasificación o esquema de estanterías Estado dañado Ubicación Sala donde se ubica Nombre de la colección Fecha de adquisición o compra Fuente de adquisición Costo, precio normal en soles Signatura topográfica Código de Barras Última vez visto (Koha) Tipo de ítem (Koha)
No     Sala Humanidades Sala Humanidades Book Cart 2023-10-18 Donación 20.00 985.613 / M8Q SH0000016556 2023-10-18 Libros-BMC

Powered by Koha